|
|
|
|
| LEADER |
00000nam0a2200000 4500 |
| 001 |
348812 |
| 005 |
20231102010137.0 |
| 035 |
|
|
|a (RuTPU)RU\TPU\retro\632
|
| 090 |
|
|
|a 348812
|
| 100 |
|
|
|a 20180315d1960 km y0rusy50 ca
|
| 101 |
0 |
|
|a rus
|
| 102 |
|
|
|a RU
|
| 105 |
|
|
|a a z 001zy
|
| 200 |
1 |
|
|a Влияние водохранилищ на гидрогеологические условия прилегающих территорий
|f С. К. Абрамов [и др.]
|g Всесоюзный научно-исследовательский институт ВОДГЕО
|
| 210 |
|
|
|a Москва
|c Госстройиздат
|d 1960
|
| 215 |
|
|
|a 319 с.
|c ил.
|
| 320 |
|
|
|a Библиогр.: с. 314-317
|
| 606 |
1 |
|
|a Водохранилища
|x Подпор грунтовых вод
|2 stltpush
|3 (RuTPU)RU\TPU\subj\3091
|9 31550
|
| 610 |
1 |
|
|a грунтовые воды
|
| 610 |
1 |
|
|a реки
|
| 610 |
1 |
|
|a движение
|
| 610 |
1 |
|
|a подпор
|
| 610 |
1 |
|
|a расчет
|
| 610 |
1 |
|
|a потери
|
| 610 |
1 |
|
|a аналитические методы
|
| 610 |
1 |
|
|a метод конечных разностей
|
| 610 |
1 |
|
|a природные условия
|
| 610 |
1 |
|
|a фильтрация
|
| 610 |
1 |
|
|a расчетные схемы
|
| 610 |
1 |
|
|a защита
|
| 610 |
1 |
|
|a затопление
|
| 610 |
1 |
|
|a подтопление
|
| 675 |
|
|
|a 627.81
|v 4
|
| 701 |
|
1 |
|a Абрамов
|b С. К.
|
| 701 |
|
1 |
|a Биндеман
|b Н. Н.
|
| 701 |
|
1 |
|a Бочевер
|b Ф. М.
|
| 701 |
|
1 |
|a Веригин
|b Н. Н.
|
| 712 |
0 |
2 |
|a Всесоюзный научно-исследовательский институт ВОДГЕО
|2 stltpush
|3 (RuTPU)RU\TPU\col\2927
|
| 801 |
|
1 |
|a RU
|b 63413507
|c 20180315
|
| 801 |
|
2 |
|a RU
|b 63413507
|c 20180316
|g RCR
|
| 942 |
|
|
|c BK
|